Best NBA Player to Wear Each Number - Statistics

General Stats
  • This quiz has been taken 15 times
    4 since last reset
  • The average score is 26 of 93
Answer Stats
Answer % Correct
Bill Russell | LeBron James
100%
Dennis Rodman*
100%
Dennis Rodman
100%
Dennis Rodman
100%
Dennis Rodman | Ron Artest
100%
Kobe Bryant
100%
Kobe Bryant
100%
Larry Bird | Kareem Abdul-Jabbar
100%
LeBron James | Michael Jordan
100%
Luka Dončić
100%
Magic Johnson
100%
Shaquille O'neal | Giannis Antetokounmpo
100%
Tim Duncan | Kevin Garnett
100%
Tony Parker
100%
Wilt Chamberlain | James Harden
100%
Andrei Kirilenko | Jerry Lucas
50%
Baron Davis
50%
Bob Cousy | Oscar Robertson
50%
Carmelo Anthony | Kevin Durant
50%
Clyde Drexler | Elgin Baylor | Jimmy Butler
50%
Dave Cowens
50%
David Robinson
50%
Dwyane Wade | Chris Paul | Allen Iverson
50%
Gail Goodrich
50%
George Mikan
50%
Jerry West | George Gervin
50%
John Havlicek
50%
Juan Toscano-Anderson | DeAndre' Bembry
50%
Kevin Durant
50%
Kevin Garnett | Jason Kidd
50%
Nikola Jokić
50%
Reggie Miller
50%
Robert Parish
50%
Russell Westbrook
50%
Shandon Anderson
50%
Stephen Curry
50%
Alperen Şengün
0%
Andrew Bogut
0%
Aron Baynes | John Konchar
0%
Artis Gilmore
0%
Brodric Thomas
0%
Buck Williams | Jamaal Wilkes
0%
Chris Webber
0%
Clyde Lovellette
0%
Coty Clarke
0%
Craig Smith
0%
Dennis Schröder
0%
Derrick Rose | Tracy McGrady
0%
DeShawn Stevenson
0%
Dikembe Mutombo
0%
Dirk Nowitzki
0%
Donovan Mitchell
0%
Drew Gooden
0%
Dwight Howard
0%
Evan Fournier
0%
Francisco Elson
0%
Gary Payton
0%
George Ratkovicz
0%
Horace Grant
0%
Isiah Thomas
0%
Jack McVeigh
0%
Jack Sikma | Pascal Siakam
0%
Jason Collins
0%
Joe Dumars | Chris Webber
0%
John Stockton | Dwight Howard
0%
Jonathan Gibson
0%
Kawhi Leonard | Shai Gilgeous-Alexander
0%
Kyle Korver
0%
Mike Muscala
0%
Milt Schoon
0%
Miye Oni
0%
Nate Thurmond | James Worthy
0%
Nazr Mohammed
0%
Neemias Queta | Patty Mills
0%
Pat Spencer
0%
Pau Gasol
0%
Paul Silas | Pervis Ellison
0%
Rasheed Wallace | Marcus Smart
0%
Rayan Rupert
0%
Rayjon Tucker
0%
Reggie King
0%
Ron Artest
0%
Ron Artest
0%
Ron Artest | Noah Penda
0%
Rudy Gobert
0%
Scot Pollard
0%
Semih Erden
0%
Shawn Bradley
0%
Shawn Kemp | Bill Laimbeer
0%
Taj Gibson
0%
Viktor Khryapa | Saben Lee
0%
Walt Frazier
0%
Willis Reed
0%
No matching quizzes found
Score Distribution
Percent of People with Each Score
Percentile by Number Answered
Your Score History
You have not taken this quiz since the last reset